000 00327 a2200157 4500
001 174801
020 _a
040 _cMagnum
100 _aMasur, Jandira
240 1 0 _aAs caixas que andam
_lpor
245 1 0 _aAs caixas que andam
362 0 _a1899
440 1 _aÁtica
697 _aIJ/SOCIEDADE COTIDIANO
942 _cBK
999 _c174801
_d174801